000 00274nam a2200109Ia 4500
008 190216s9999||||xx |||||||||||||| ||und||
100 _a"Sathyanarayana G,Krishnanji V"
245 0 _aCost Accounts
260 _b"Apollo Publishers, Markapur"
650 _aCommerce
942 _cBK
999 _c4658
_d4658